| 000 | 00651nam a2200217Ia 4500 | ||
|---|---|---|---|
| 003 | GCL | ||
| 008 | 140319s9999 xx 000 0 ara d | ||
| 040 |
_aGCL / _cGCL |
||
| 082 | 0 | 4 |
_a160 _bم م |
| 100 | 1 | _aمحمد عزيز نظمى سالم | |
| 245 | 1 | 0 |
_aالمنطق واشكاله / _cمحمد عزيز نظمى سالم |
| 260 |
_a[S.N] : _bمؤسسة شباب الجامعة |
||
| 300 | _a367 ص | ||
| 490 | _a | ||
| 650 | 0 | 4 | _aالمعرفة |
| 650 | 0 | 4 | _aالمنطق |
| 650 | 0 | 4 | _aالمنطق الرمزى والرياضى |
| 650 | 0 | 4 | _aالمنطق الصورى |
| 650 | 0 | 4 | _aالمنطق الاستدلالى |
| 942 |
_2ddc _cBK |
||
| 999 |
_c31677 _d31677 |
||